• 首页
  • 本馆介绍
  • 公告通知
  • 最新文献
  • 馆藏检索
  • 电子资源
  • 读者导购
  • 参考咨询
  • 我的图书馆
  • 登录
  • 详细信息显示
  • 放入我的书架
  • 预约/预借图书
  • 作者相关作品
  • 分类相关作品
  • 丛书相关作品
  • 出版社相关作品

书目信息

  • 表格格式
  • 工作单格式
  • 卡片格式
题名:
星载合成孔径雷达海洋遥感导论
    
 
作者: 徐青 编著
分册:  
出版信息: 北京   海洋出版社  2019
页数: 180页
开本: 27cm
丛书名: 深远海创新理论及技术应用丛书
单 册:
中图分类: P715.7
科图分类:
主题词: 卫星载雷达--wei xing zai lei da--合成孔径雷达--应用--海洋遥感--研究
电子资源:
ISBN: 978-7-5210-0249-2
000 01676nam 2200337 45
001 012001001099
005 20140107133337.0
010    @a978-7-5210-0249-2@b下册@dCNY88.00
092    @aCN@bBWZ1916KJ-00033
092    @aCN@bBWZ1916KJ-00032
099    @aCAL 012019079334
100    @a20190614d2019 em y0chiy50 ea
101 0  @achi
102    @aCN@b110000
105    @aak a 000yy
106    @ar
200 1  @a星载合成孔径雷达海洋遥感导论@Axing zai he cheng kong jing lei da hai yang yao gan dao lun@f徐青 ... [等] 编著@FXu Qing ... [ Deng] Bian Zhu@PXQDBZ
210    @a北京@c海洋出版社@d2019
215    @a180页@c图 (部分彩图)@d27cm
225 2  @a深远海创新理论及技术应用丛书@AShen Yuan Hai Chuang Xin Li Lun Ji Ji Shu Ying Yong Cong Shu
300    @a“十三五”国家重点出版物出版规划项目 国家出版基金项目
303    @a据上册著录
304    @a题名页题其余责任: 范开国, 顾艳镇, 徐伯键, 陈书驰, 傅斌编著
320    @a有书目
330    @a本书主要以作者近年来在SAR海洋遥感研究领域的成果为基础,有机整合SAR海洋遥感理论、SAR海洋遥感探测技术与应用及其具有代表性的国内外相关研究成果,系统、全面地介绍SAR海洋遥感领域的研究成果。本书的撰写注重理论和实际应用的结合,兼顾物理海洋学和海洋遥感学双重专业知识,几乎涵盖了SAR海洋遥感在海洋学方向应用的所有方面,便于读者科普海洋科学,掌握SAR海洋遥感理论知识和开展实际应用研究,同时适用于海洋学专业本科、研究生教学和物理海洋学、海洋遥感学方向的科学研究。
410  0 @12001 @a深远海创新理论及技术应用丛书
606 0  @a卫星载雷达@Awei xing zai lei da@x合成孔径雷达@x应用@x海洋遥感@x研究
690    @aP715.7@v5
701  0 @a徐青@AXu Qing@4编著
801  0 @aCN@b北京卓展@c20191020
905    @b1201432-5@dP715.7@e107@f4
    
    星载合成孔径雷达海洋遥感导论/徐青 ... [等] 编著.-北京:海洋出版社,2019
    180页:图 (部分彩图);27cm.-(深远海创新理论及技术应用丛书)
    “十三五”国家重点出版物出版规划项目 国家出版基金项目
    
    ISBN 978-7-5210-0249-2(下册):CNY88.00
    本书主要以作者近年来在SAR海洋遥感研究领域的成果为基础,有机整合SAR海洋遥感理论、SAR海洋遥感探测技术与应用及其具有代表性的国内外相关研究成果,系统、全面地介绍SAR海洋遥感领域的研究成果。本书的撰写注重理论和实际应用的结合,兼顾物理海洋学和海洋遥感学双重专业知识,几乎涵盖了SAR海洋遥感在海洋学方向应用的所有方面,便于读者科普海洋科学,掌握SAR海洋遥感理论知识和开展实际应用研究,同时适用于海洋学专业本科、研究生教学和物理海洋学、海洋遥感学方向的科学研究。
●
相关链接 在E读中查询图书 在五车中查询图书 在当当中查询图书 在豆瓣中查询图书


正题名:星载合成孔径雷达海洋遥感导论     索取号:P715.7/107         预约/预借

序号 登录号 条形码 馆藏地/架位号 状态 备注
1 1201432   212014327   第二样本阅览室/ [索取号:P715.7/107] 在馆    
2 1201433   212014336   第三借阅区/ [索取号:P715.7/107] 在馆    
3 1201434   212014345   第三借阅区/ [索取号:P715.7/107] 在馆    
4 1201435   212014354   第三借阅区/ [索取号:P715.7/107] 在馆    
唐山师范学院图书馆 欢迎您!
大连网信软件有限公司© 版权所有